| 000 | 00648nam a2200205Ia 4500 | ||
|---|---|---|---|
| 003 | GCL | ||
| 008 | 140319s9999 xx 000 0 ara d | ||
| 040 |
_aGCL / _cGCL |
||
| 082 | 0 | 4 |
_a510 _bم ر |
| 100 | 1 | _aالمنظمة العربية للتربية والثقافة | |
| 245 | 1 | 0 |
_aالرياضيات الحديثة / _cالمنظمة العربية للتربية والثقافة |
| 260 |
_a[S.N] : _bدائرة الاعلام ، _c1983 |
||
| 300 | _a322 ص | ||
| 490 | _a | ||
| 650 | 0 | 4 | _aالهندسة الرياضية |
| 650 | 0 | 4 | _aالعلوم |
| 650 | 0 | 4 | _aالرياضة |
| 650 | 0 | 4 | _aاللوغاريتمات |
| 942 |
_2ddc _cBK |
||
| 999 |
_c28617 _d28617 |
||